| 000 | 00000nam 2200000zi 4500 |
| 001 | 9.945715 |
| 003 | CaOODSP |
| 005 | 20241128110444 |
| 006 | m o d f |
| 007 | cr |n||||||||| |
| 008 | 241128t19951995onc ob f000 0 fre d |
| 020 | |z0660949148 |
| 040 | |aCaOODSP|bfre|erda|cCaOODSP |
| 043 | |an-cn--- |
| 086 | 1 |aH42-2/67-1995F-PDF|zH42-2/67-1995F |
| 245 | 03|aLa ménopause : |brapport du Comité consultatif spécial sur la physiologie de la reproduction présenté à la Direction des médicaments, Direction générale de la protection de la santé, Santé Canada. |
| 264 | 1|a[Ottawa] : |bSanté Canada = Health Canada, |c[1995] |
| 264 | 4|c©1995 |
| 300 | |a1 ressource en ligne (107 pages) |
| 336 | |atexte|btxt|2rdacontent/fre |
| 337 | |ainformatique|bc|2rdamedia/fre |
| 338 | |aressource en ligne|bcr|2rdacarrier/fre |
| 500 | |aÉdition numérisée de l'imprimée [par Direction des publications du Gouvernement du Canada]. |
| 504 | |aComprend des références bibliographiques. |
| 650 | 6|aMénopause|xHormonothérapie|zCanada. |
| 650 | 6|aMénopause|zCanada. |
| 650 | 6|aFemmes|xPhysiologie|zCanada. |
| 650 | 0|aMenopause|xHormone therapy|zCanada. |
| 650 | 0|aMenopause|zCanada. |
| 650 | 0|aWomen|xPhysiology|zCanada. |
| 710 | 1 |aCanada. |bSanté Canada, |eorganisme de publication. |
| 856 | 40|qPDF|s9.84 Mo|uhttps://publications.gc.ca/collections/collection_2024/sc-hc/H42-2-67-1995-fra.pdf |